Giáo trình võ thuật

Shranjeno v:
Bibliografske podrobnosti
Glavni avtor: Nguyễn, Văn Trung
Drugi avtorji: Phạm, Hồng Dương
Format: Knjiga
Jezik:Undetermined
Izdano: H. ĐHSP 2004
Teme:
Online dostop:http://lrc.tdmu.edu.vn/opac/search/detail.asp?aID=2&ID=5665
Oznake: Označite
Brez oznak, prvi označite!
Thư viện lưu trữ: Trung tâm Học liệu Trường Đại học Thủ Dầu Một
LEADER 00612nam a2200205Ia 4500
001 TDMU_5665
008 210410s9999 xx 000 0 und d
082 |a 796.8 
090 |b NG525 
100 |a Nguyễn, Văn Trung 
245 0 |a Giáo trình võ thuật 
245 0 |c Nguyễn Văn Chung 
260 |a H. 
260 |b ĐHSP 
260 |c 2004 
300 |a 383tr. 
650 |a Võ thuật  |v Giáo trình 
700 |a Phạm, Hồng Dương 
856 |u http://lrc.tdmu.edu.vn/opac/search/detail.asp?aID=2&ID=5665 
980 |a Trung tâm Học liệu Trường Đại học Thủ Dầu Một